• 首页
  • 本馆介绍
  • 公告通知
  • 最新文献
  • 馆藏检索
  • 电子资源
  • 读者导购
  • 参考咨询
  • 我的图书馆
  • 登录
  • 详细信息显示
  • 放入我的书架
  • 预约/预借图书
  • 作者相关作品
  • 分类相关作品
  • 丛书相关作品
  • 出版社相关作品

书目信息

  • 表格格式
  • 工作单格式
  • 卡片格式
题名:
常用化肥施用技术
    
 
作者: ;山东省土壤肥料研究所 编
分册:  
出版信息: 北京   农业出版社  1975
页数: 46页
开本: 19cm
丛书名:
单 册:
中图分类: S143
科图分类:
主题词: 化学肥料--使用
电子资源:
ISBN:
000 00713nam0 2200229 45
001 0175002743
005 20060803091732.40
010    @dCNY0.14
091    @a16144.1720
100    @a19951013d1975 em y0chiy0121 ea
101 0  @achi
102    @aCN@b110000
105    @ay z 000yy
200 10 @a常用化肥施用技术@Achang yong hua fei shi yong ji shu@f山东省土壤肥料研究所编@Fshan dong sheng tu rang fei liao yan jiu suo bian
210    @a北京@c农业出版社@d1975
215    @a46页@d19cm
606    @a化学肥料@x使用
690    @aS143@v3
711  0 @a山东省土壤肥料研究所@Ashan dong sheng tu rang fei liao yan jiu suo@4编
801  2 @aCN@bNLC@c20060803
801  0 @aCN@bTSSF@c20060515
905    @a10447@dS143@e45
    
    常用化肥施用技术/山东省土壤肥料研究所编.-北京:农业出版社,1975
    46页;19cm
    
    
    ISBN :CNY0.14
    
●
相关链接 在E读中查询图书 在五车中查询图书 在当当中查询图书 在豆瓣中查询图书


正题名:常用化肥施用技术     索取号:S143/45         预约/预借

序号 登录号 条形码 馆藏地/架位号 状态 备注
1 0017403   202281538   密集书库/ [索取号:S143/45] 在馆    
2 0017404   202349002   密集书库/ [索取号:S143/45] 在馆    
3 0017405   202281495   密集书库/ [索取号:S143/45] 在馆    
4 0017406   202349048   密集书库/ [索取号:S143/45] 在馆    
5 0017458   202281574   密集书库/ [索取号:S143/45] 在馆    
6 0439284   204392843   密集书库/ [索取号:S143/45] 在馆    
7 0439285   204392852   密集书库/ [索取号:S143/45] 在馆    
唐山师范学院图书馆 欢迎您!
大连网信软件有限公司© 版权所有